Państwa Unii Europejskiej (z mapą) - Statystyki

Ogólne statystyki
  • Ten quiz został rozwiązany 94 razy
  • Średni wynik to 26 z 27
Odpowiedzi na mapie
Odpowiedzi zakodowano w zielono-czerwonej skali na mapie do tego quizu, zgodnie z poniższymi procentami.
 
Statystyki odpowiedzi
Państwo % Poprawnych
Czechy
100%
Francja
100%
Hiszpania
100%
Niemcy
100%
Polska
100%
Włochy
100%
Portugalia
98%
Austria
97%
Belgia
97%
Dania
97%
Estonia
97%
Finlandia
97%
Grecja
97%
Holandia
97%
Irlandia
97%
Litwa
97%
Łotwa
97%
Luksemburg
97%
Słowacja
97%
Bułgaria
95%
Słowenia
95%
Szwecja
95%
Chorwacja
94%
Węgry
94%
Cypr
91%
Rumunia
91%
Malta
77%
Nie znaleziono quizów pasujących do podanych kryteriów
Rozkład punktacji
Procent ludzi z każdym wynikiem
Percentyl według liczby udzielonych odpowiedzi
Twoja historia wyników
Nie rozwiązałeś tego quizu